000 01051cam a2200277 i 4500
001 22076956
005 20220302090217.0
008 210611t20182018maua b 000 0 eng
010 _a 2020450808
020 _a9781319057404
040 _aDLC
_beng
_erda
_cDLC
042 _apcc
050 0 0 _aPE 1408,
_b.H26 2018
100 1 _aHacker, Diana,
_d1942-2004,
_eauthor.
245 1 0 _aA pocket style manual /
_cDiana Hacker ; Nancy Sommers, Harvard University.
250 _aEighth edition.
300 _a330 p. :
_bill. ;
_c22 cm
504 _aIncludes bibliographical references and index.
650 0 _aEnglish language
_xRhetoric
_vHandbooks, manuals, etc.
650 0 _aReport writing
_vHandbooks, manuals, etc.
650 0 _aEnglish language
_xGrammar
_vHandbooks, manuals, etc.
700 1 _aSommers, Nancy I.,
_eauthor.
906 _a7
_bcbc
_corignew
_d3
_encip
_f20
_gy-gencatlg
942 _2lcc
_hPE 1408 .H26 2018
_cREF_BOOK
999 _c31305
_d31305